[Event "Parma Province-ch"]
[Site "Salsomaggiore Terme"]
[Date "2016.03.19"]
[Round "2"]
[White "Peloni, Davide"]
[Black "Taddia, Davide"]
[Result "1-0"]
[WhiteElo "1618"]
[BlackElo "1459"]
[PlyCount "100"]
[EventDate "2016.03.18"]
[EventType "swiss"]
[EventRounds "5"]
[EventCountry "ITA"]
[SourceTitle "EXT 2018"]
[Source "ChessBase"]
[SourceDate "2017.10.13"]
[SourceVersion "1"]
[SourceVersionDate "2017.10.13"]
[SourceQuality "1"]

1. e4 c5 2. Nc3 e6 3. Bc4 Nc6 4. f4 a6 5. a4 Nge7 6. Nf3 d5 7. Ba2 d4 8. Ne2 Qc7 9. d3 Ng6 10. 0-0 Bd6 11. e5 Be7 12. Ng3 Nh4 13. Bd2 Nf5 14. Nxf5 exf5 15. Be1 Be6 16. Bxe6 fxe6 17. Bh4 0-0 18. Ng5 Qd7 19. Nf3 b6 20. Bxe7 Nxe7 21. Nd2 Nd5 22. Qf3 b5 23. axb5 Qxb5 24. Nc4 Ne3 25. Nxe3 dxe3 26. Qxe3 Qxb2 27. c4 Qd4 28. Qxd4 cxd4 29. c5 Rfc8 30. Ra5 Rc6 31. Rc1 h6 32. Rc4 Rd8 33. Kf2 g5 34. g3 Kf7 35. Kf3 Kg6 36. Rca4 Ra8 37. Rxd4 Rac8 38. Rd6 Kf7 39. d4 Rxd6 40. exd6 Rc6 41. Ra4 Ke8 42. Rb4 gxf4 43. Rb6 Kd7 44. Rxc6 Kxc6 45. Kxf4 a5 46. Ke3 a4 47. Kd2 a3 48. Kc2 h5 49. Kb3 h4 50. Kxa3 f4 1-0